2026 NFL Stat Leaders - Statistics

General Stats
  • This quiz has been taken 38 times
  • The average score is 14 of 25
Answer Stats
Passing Player % Correct
4707 Matthew Stafford
94%
1793 Jaxon Smith-Njigba
91%
1595 Derrick Henry
81%
4394 Drake Maye
81%
4564 Jared Goff
81%
1715 Puka Nacua
81%
1478 Bijan Robinson
78%
4552 Dak Prescott
78%
1585 Jonathan Taylor
78%
1412 Ja'Marr Chase
75%
1621 James Cook
72%
4048 Sam Darnold
72%
1401 Amon-Ra St. Brown
63%
1429 George Pickens
56%
1350 De'Von Achane
50%
183 Jordyn Brooks
38%
7 Kevin Byard
38%
5 Ernest Jones
34%
5 Antonio Johnson
31%
162 Bobby Wagner
22%
174 Devin White
22%
176 Jack Campbell
19%
164 Cedric Gray
13%
5 Devin Lloyd
13%
5 Jaycee Horn
13%
No matching quizzes found
Score Distribution
Percent of People with Each Score
Percentile by Number Answered
Your Score History
You have not taken this quiz